000 00440nam a2200181Ia 4500
008 230524s9999 xx 000 0 und d
020 _a9788131505342
082 _a658.12
_bWER
100 _aJon M.Werner
245 0 _aHuman Resource Development
250 _aIST
260 _aNEW DELHI
_bCengage
_c2010
300 _aXII;492
500 _aQuantity Number: 12
650 _aManagement
700 _a Randy L.Desimone
942 _cBK
999 _c45971
_d45971